000 00927caa a22002417a 4500
999 _c410792
_d410792
001 123626
003 UA-OsUOA
005 20200112010452.0
007 ta
008 20170627b un ||||| |||| 00| 0 ukr d
040 _aUA-OsUOA
_bukr
_cUA-OsUOA
_dUA-OsUOA
041 _aukr
080 _a908
090 _a908
_bМ24
100 _aМанько М.
245 _aЦерковні краєзнавці Волині кінця ХІХ – поч. ХХ ст. — дослідники і популяризатори історії книги та друкарства
_cМ. Манько
300 _aС. 463–474
650 7 _a908 Краєзнавство
_2UDC
773 0 _0384074
_9408052
_dОстрог НаУОА 2012
_o142053
_tОстрозький краєзнавчий збірник
_w(UA-OsUOA) 97837
942 _cBKA
_2udc
955 _a1